LDR 00719naa#a2200181#i#450# 001 EN\\bibl\115868 005 20260501170631.5 011 ## _a0320-3557 100 ## _a20251220b2025####ek#y0engy0150####ca 102 ## _aRU 200 1# _aMORPHOLOGICAL VARIABILITY OF TWO SPECIES OF THE GENUS SURIRELLA (BACILLARIOPHYTA) FROM UDMURTIA _eJournal article 210 1# _aBorok _cPapanin Institute for Biology of Inland Waters Russian Academy of Sciences _d2025 215 ## _a5 с. 608 ## _aJournal article _2local 675 ## _aBacillariophyta (Diatomeae). Диатомовые водоросли. 582.26 _aМорфология растений. 581.4 _z 700 #1 _aGenkal _gSergey Ivanovich 700 #1 _aGoskova _gS. M. 856 4# _aibiw.editorum.ru _u